OSP broadband solutions for the network’s edge (Record no. 38595)

MARC details
000 -LEADER
fixed length control field 00428nam a2200157Ia 4500
022 ## - INTERNATIONAL STANDARD SERIAL NUMBER
ISSN 07478763
050 ## - CALL MARK
Classification number TK 5103 .O87/
245 #0 - TITLE STATEMENT
Title OSP broadband solutions for the network’s edge
260 ## - PUBLICATION, DISTRIBUTION, ETC. (IMPRINT)
Name of publisher Practical Communications, Inc.
260 ## - PUBLICATION, DISTRIBUTION, ETC. (IMPRINT)
Year of publication 2006
300 ## - PHYSICAL DESCRIPTION
Number of Pages 34 p. : ill. ; 28 cm.
650 ## - SUBJECT ADDED ENTRY--TOPICAL TERM
Topical Term Computer science--Periodicals
942 ## - ADDED ENTRY ELEMENTS (KOHA)
Koha item type Serials

No items available.